Statistics for Obos Ligaen winners

Click here to take the quiz!

General Stats

  • This quiz has been taken 5 times
  • The average score is 8 of 27

Answer Stats

HintAnswer% Correct
2010Sogndal
100%
2015Sogndal
100%
2019Aalesund
67%
2022Brann
67%
2004Start
67%
2012Start
67%
2017Bodø/Glimt
33%
2013Bodø/Glimt
33%
2023Fredrikstad
33%
1998Odd Grenland
33%
2008Odd Grenland
33%
2020Tromsø
33%
2002Tromsø
33%
1997Vålerenga
33%
2001Vålerenga
33%
2018Viking
33%
2021Hamarkameratene
0%
2003Hamarkameratene
0%
1999Haugesund
0%
2009Haugesund
0%
2011Hønefoss BK
0%
2016Kristiansund BK
0%
2000Lyn
0%
2007Molde
0%
2014Sandefjord
0%
2005Stabæk
0%
2006Strømsgodset
0%

Score Distribution

Percentile by Number Answered

Percent of People with Each Score

Your Score History

You have not taken this quiz